<?xml version="1.0" encoding="UTF-8"?>
<collection xmlns="http://www.loc.gov/MARC21/slim">
<record>
  <controlfield tag="001">8037</controlfield>
  <controlfield tag="005">20260227172709.0</controlfield>
  <datafield tag="037" ind1=" " ind2=" ">
    <subfield code="a">POSTER-2026-0059</subfield>
  </datafield>
  <datafield tag="100" ind1=" " ind2=" ">
    <subfield code="a">Lefèvre, Laure </subfield>
  </datafield>
  <datafield tag="245" ind1=" " ind2=" ">
    <subfield code="a">The FARSUN project : storing and distributing sunspot data to the scientific community</subfield>
  </datafield>
  <datafield tag="260" ind1=" " ind2=" ">
    <subfield code="c">2025</subfield>
  </datafield>
  <datafield tag="269" ind1=" " ind2=" ">
    <subfield code="c">2025-12-16</subfield>
  </datafield>
  <datafield tag="520" ind1=" " ind2=" ">
    <subfield code="a">The sunspot number is the primary record for solar variability over the last 400 years and constitutes a benchmark in solar/stellar variability studies and especially the Earth climate. While the Sunspot Number has been recalibrated recently (Clette, 2016), it can still be improved with a full reconstruction from the raw data. Now that more and more historical raw sunspot data are being made available through a collective effort of the community, it is time to make it accessible to the many researchers and users outside of the sunspot community.  FARSuN will make the raw historical sunspot data [1610-1980] Findable and Accessible for all users. The project gathers, interprets and valorizes the data, where the latter includes data pre-processing, quality assessment and standardization, as well as advocating data to end users.  A detailed statistical study will provide quality criteria for these historical data, and the most pertinent criteria will be included in metadata describing the dataset. The output of this project will be a compilation of historical sunspot numbers that will be made available via standard VOtools and the data will be FAIR-compliant.  Making these validated historical sunspot data collections FAIR will allow solar physicists, Earth-climate modellers, experts in statistics, or anyone with a keen interest in solar variability, to analyse this unique natural record, increase awareness of the public of the effects of solar variability on Earth and thus feed future science in the service of society.</subfield>
  </datafield>
  <datafield tag="536" ind1=" " ind2=" ">
    <subfield code="a">FARSUN - SUNRISE/</subfield>
    <subfield code="c">FARSUN - SUNRISE/</subfield>
    <subfield code="f">FARSUN - SUNRISE</subfield>
  </datafield>
  <datafield tag="594" ind1=" " ind2=" ">
    <subfield code="a">STCE</subfield>
  </datafield>
  <datafield tag="700" ind1=" " ind2=" ">
    <subfield code="a">Mampaey, Benjamin </subfield>
  </datafield>
  <datafield tag="700" ind1=" " ind2=" ">
    <subfield code="a">Kalugodu, Chandrashekhar</subfield>
  </datafield>
  <datafield tag="700" ind1=" " ind2=" ">
    <subfield code="a">Valliapan, Pavai</subfield>
  </datafield>
  <datafield tag="700" ind1=" " ind2=" ">
    <subfield code="a">Delouille, Véronique</subfield>
  </datafield>
  <datafield tag="700" ind1=" " ind2=" ">
    <subfield code="a">Ritter, Christian</subfield>
  </datafield>
  <datafield tag="700" ind1=" " ind2=" ">
    <subfield code="a">Hayakawa, Hisashi </subfield>
  </datafield>
  <datafield tag="700" ind1=" " ind2=" ">
    <subfield code="a">Arlt, Rainer</subfield>
  </datafield>
  <datafield tag="773" ind1=" " ind2=" ">
    <subfield code="t">AGU Fall Meeting, New Orleans, USA</subfield>
  </datafield>
  <datafield tag="856" ind1="0" ind2=" ">
    <subfield code="f">laure.lefevre@ksb-orb.be</subfield>
  </datafield>
  <datafield tag="856" ind1="4" ind2=" ">
    <subfield code="s">1902788</subfield>
    <subfield code="u">http://publi2-as.oma.be/record/8037/files/FARSUN_Poster_LL.pdf</subfield>
  </datafield>
  <datafield tag="856" ind1="4" ind2=" ">
    <subfield code="s">15476</subfield>
    <subfield code="u">http://publi2-as.oma.be/record/8037/files/FARSUN_Poster_LL.jpg?subformat=icon-180</subfield>
    <subfield code="x">icon-180</subfield>
  </datafield>
  <datafield tag="856" ind1="4" ind2=" ">
    <subfield code="s">17330</subfield>
    <subfield code="u">http://publi2-as.oma.be/record/8037/files/FARSUN_Poster_LL.gif?subformat=icon</subfield>
    <subfield code="x">icon</subfield>
  </datafield>
  <datafield tag="980" ind1=" " ind2=" ">
    <subfield code="a">CPOSTER</subfield>
  </datafield>
</record>
</collection>